000 004550000a22001810004500
003 LK-CoMWRAF
005 20231203160329.0
008 230817t2004 ||||| |||| 00| 0 eng d
020 _a8172235593
040 _aLK-CoMWRAF
_dLK-CoMWRAF
_eLK-CoMWRAF
041 _aeng
082 _a423
_bCOL
245 _aPaperback Dictionary
260 _aNew Delhi:
_bHarper Collins,
_c2004
300 _a986 p.
650 _aENGLISH LANGUAGE-Dictionaries
942 _cREF
999 _c831
_d831